| 000 | 00568nam a22001937a 4500 | ||
|---|---|---|---|
| 003 | PILC | ||
| 005 | 20151029084833.0 | ||
| 008 | 130903t xxu||||| |||| 00| 0 eng d | ||
| 020 | _a0764152912 | ||
| 050 |
_aND 457.5.R65 _b.R6613 2000 |
||
| 082 |
_aHS 709.0342 _bB27 1999 |
||
| 245 |
_aRomanticism / _c Barron's Art handbooks |
||
| 260 |
_aSpain : _bParramon Ediciones, _cc2000. |
||
| 300 |
_a95 p. : _bcol. ill. ; _c22 cm. |
||
| 650 |
_aRomanticism in Art. _916293 |
||
| 650 |
_aPainting European _x19th century. _916294 |
||
| 942 |
_2lcc _cBK |
||
| 999 |
_c10238 _d10238 |
||